Statistics for Champions league winning countries - all confederations

Click here to take the quiz!

General Stats

  • This quiz has been taken 49 times
  • The average score is 31 of 50

Answer Stats

HintAnswer% Correct
12England
97%
12Italy
97%
15Spain
97%
1France
94%
7Germany
91%
17Brazil
86%
6Netherlands
86%
4Portugal
86%
24Argentina
83%
31Mexico
83%
2United States
80%
5Japan
77%
1Scotland
77%
5Australia
74%
2Colombia
74%
10South Korea
74%
1Chile
71%
3China
71%
14Egypt
71%
3Iran
69%
2Nigeria
69%
5Morocco
66%
1South Africa
66%
8Uruguay
66%
1Yugoslavia
66%
9New Zealand
63%
3Paraguay
63%
1Romania
63%
4Saudi Arabia
63%
1Ecuador
60%
5Cameroon
57%
4Tunisia
57%
5Algeria
54%
2Honduras
54%
2Ivory Coast
54%
6Costa Rica
51%
3Ghana
51%
3Israel
49%
2Qatar
46%
2Thailand
46%
1United Arab Emirates
46%
1Congo
43%
6DR Congo
43%
2Guatemala
43%
3El Salvador
40%
2Haiti
31%
1Papua New Guinea
29%
2Trinidad and Tobago
23%
3Guinea
20%
2Suriname
11%

Score Distribution

Percentile by Number Answered

Percent of People with Each Score

Your Score History

You have not taken this quiz